[Event "XX Festival A"]
[Site "Robecchetto con Induno ITA"]
[Date "2009.12.29"]
[Round "4"]
[White "Spornberger, Maximilian"]
[Black "Astengo, Corrado"]
[Result "1/2-1/2"]
[WhiteElo "2066"]
[BlackElo "2110"]
[PlyCount "30"]
[EventDate "2009.12.27"]

1. d4 d5 2. Bf4 Nf6 3. e3 Bf5 4. c4 c6 5. Qb3 Qb6 6. c5 Qxb3 7. axb3 Bxb1 8.
Rxb1 Nbd7 9. b4 a6 10. h3 g6 11. Nf3 Bg7 12. Be2 O-O 13. O-O Ne4 14. Rbd1 Rfe8
15. Rfe1 f6 1/2-1/2

[Event "XX Festival A"]
[Site "Robecchetto con Induno ITA"]
[Date "2009.12.29"]
[Round "4"]
[White "Trotto, Pierangelo"]
[Black "Cardani, Roberto"]
[Result "0-1"]
[WhiteElo "1893"]
[BlackElo "1960"]
[PlyCount "60"]
[EventDate "2009.12.27"]

1. e4 c5 2. Nf3 d6 3. d4 cxd4 4. Nxd4 Nf6 5. Nc3 a6 6. Bc4 e6 7. Bb3 b5 8. a3
Be7 9. Be3 O-O 10. O-O Bd7 11. f4 Qc7 12. Qe2 Nc6 13. Rad1 Rac8 14. Nxc6 Bxc6
15. f5 e5 16. Bg5 a5 17. Bxf6 Bxf6 18. a4 bxa4 19. Nxa4 Bxa4 20. Bxa4 Qb6+ 21.
Kh1 Qxb2 22. Ra1 Rb8 23. h3 Rfd8 24. Rfd1 Bg5 25. Qd3 Rb4 26. c4 Qf2 27. Bb5
Rb2 28. Qf1 Qc2 29. Qf3 Ra2 30. Rdc1 Bxc1 0-1

[Event "XX Festival A"]
[Site "Robecchetto con Induno ITA"]
[Date "2009.12.29"]
[Round "4"]
[White "Virzi, Ettore"]
[Black "Cesarano, Marco"]
[Result "1-0"]
[WhiteElo "1974"]
[BlackElo "1818"]
[PlyCount "65"]
[EventDate "2009.12.27"]

1. e4 c5 2. Nf3 d6 3. d4 cxd4 4. Nxd4 Nf6 5. Nc3 g6 6. Be3 Bg7 7. f3 Nc6 8. Qd2
O-O 9. O-O-O Nxd4 10. Bxd4 Be6 11. Kb1 Qc7 12. h4 Rfc8 13. h5 Qa5 14. hxg6 hxg6
15. a3 Rab8 16. Bd3 b5 17. Rh4 b4 18. Nd5 Bxd5 19. exd5 Qxd5 20. axb4 a5 21. b5
e5 22. c4 Rxc4 23. Bxc4 Qxc4 24. Ba7 Qxh4 25. Bxb8 Qa4 26. b6 e4 27. fxe4 Nxe4
28. Qc2 Qb4 29. Qc8+ Bf8 30. b7 a4 31. Bxd6 Nxd6 32. Rxd6 Qe1+ 33. Ka2 1-0

[Event "XX Festival A"]
[Site "Robecchetto con Induno ITA"]
[Date "2009.12.29"]
[Round "5"]
[White "Aranovitch, Emiliano"]
[Black "Barlocco, Carlo"]
[Result "1-0"]
[WhiteElo "2371"]
[BlackElo "2158"]
[PlyCount "47"]
[EventDate "2009.12.27"]

1. e4 Nc6 2. Nc3 e6 3. d4 Bb4 4. a3 Bxc3+ 5. bxc3 d6 6. f4 Nge7 7. Bd3 O-O 8.
Qh5 f5 9. Nf3 Bd7 10. O-O Be8 11. Qh3 Bg6 12. Bd2 fxe4 13. Bxe4 Bf5 14. Bxf5
exf5 15. Ng5 Rf6 16. Qxh7+ Kf8 17. Rae1 Qd7 18. Qh8+ Ng8 19. Nh7+ Kf7 20. Ng5+
Kf8 21. Nh7+ Kf7 22. Nxf6 Kxf6 23. d5 Nce7 24. c4 1-0

[Event "XX Festival A"]
[Site "Robecchetto con Induno ITA"]
[Date "2009.12.29"]
[Round "5"]
[White "Cardani, Roberto"]
[Black "Corti, Corrado"]
[Result "1-0"]
[WhiteElo "1960"]
[BlackElo "2030"]
[PlyCount "105"]
[EventDate "2009.12.27"]

1. e4 e5 2. Nf3 d6 3. d4 exd4 4. Nxd4 Nf6 5. Nc3 c6 6. a4 Be7 7. Be2 O-O 8. O-O
Nbd7 9. Nf5 Nc5 10. Nxe7+ Qxe7 11. f3 Be6 12. Bg5 Rad8 13. Qd4 Ncd7 14. Rfd1
Ne5 15. Qxa7 h6 16. Bh4 g5 17. Bg3 Ng6 18. a5 Rd7 19. Qe3 Nh5 20. Na4 Nhf4 21.
Bf1 f6 22. Nb6 Rdd8 23. a6 bxa6 24. Rxa6 Rb8 25. Qa3 Rfd8 26. Nc4 Qb7 27. Rb6
Qc7 28. Rxb8 Qxb8 29. Rxd6 Rxd6 30. Qxd6 Qa7+ 31. Bf2 Qa1 32. Ne3 Kf7 33. g3
Nh3+ 34. Kg2 Nxf2 35. Kxf2 Qxb2 36. Qxc6 Qd4 37. Bd3 Ne5 38. Qc7+ Kf8 39. Ke2
g4 40. f4 Nf3 41. Nd5 Bxd5 42. Qd6+ Kg7 43. Qxd5 Qb4 44. Qd7+ Kf8 45. Qxg4 Nd4+
46. Ke3 Qc3 47. Qd1 Nb5 48. Qb1 Qc5+ 49. Kf3 Nd4+ 50. Kg2 Qc3 51. Qb8+ Kg7 52.
Qb7+ Kf8 53. Qd5 1-0

[Event "XX Festival A"]
[Site "Robecchetto con Induno ITA"]
[Date "2009.12.29"]
[Round "5"]
[White "Cesarano, Marco"]
[Black "Morandi, Daniele"]
[Result "1/2-1/2"]
[WhiteElo "1818"]
[BlackElo "1968"]
[PlyCount "40"]
[EventDate "2009.12.27"]

1. d4 Nf6 2. Nf3 d6 3. Nbd2 g6 4. e4 Bg7 5. Be2 O-O 6. O-O e5 7. c3 Nc6 8. dxe5
Nxe5 9. Nxe5 dxe5 10. Qc2 c6 11. Nc4 Qc7 12. Bg5 Be6 13. Rad1 Rad8 14. Rfe1
Rxd1 15. Rxd1 Bxc4 16. Bxc4 Rd8 17. Rxd8+ Qxd8 18. Bxf6 Bxf6 19. Qd3 b5 20.
Qxd8+ Bxd8 1/2-1/2

[Event "XX Festival A"]
[Site "Robecchetto con Induno ITA"]
[Date "2009.12.29"]
[Round "5"]
[White "Cornaggia, Ranieri"]
[Black "Bianchi, Alberto"]
[Result "1/2-1/2"]
[WhiteElo "1966"]
[BlackElo "2028"]
[PlyCount "39"]
[EventDate "2009.12.27"]

1. e4 e5 2. Nf3 Nc6 3. Bb5 a6 4. Ba4 Nf6 5. d3 Be7 6. c3 d6 7. Nbd2 Bd7 8. Nf1
O-O 9. Ng3 Qc8 10. O-O b5 11. Bc2 Ne8 12. Re1 g6 13. d4 Bf6 14. Bh6 Bg7 15. Qd2
Nf6 16. Bxg7 Kxg7 17. Nf5+ Bxf5 18. exf5 e4 19. Bxe4 Nxe4 20. Rxe4 1/2-1/2

[Event "XX Festival A"]
[Site "Robecchetto con Induno ITA"]
[Date "2009.12.29"]
[Round "5"]
[White "Curtacci, Sergio"]
[Black "Ranfagni, Stefano"]
[Result "1-0"]
[WhiteElo "1974"]
[BlackElo "2014"]
[PlyCount "101"]
[EventDate "2009.12.27"]

1. d4 e6 2. Nf3 f5 3. e3 Nf6 4. Bd3 d5 5. Nbd2 Be7 6. O-O O-O 7. b3 c6 8. Bb2
Bd7 9. c4 Be8 10. Qc2 Bg6 11. Ne5 Bh5 12. f3 Nbd7 13. c5 Nxe5 14. dxe5 Nd7 15.
b4 Qe8 16. f4 Kh8 17. Nb3 g5 18. Nd4 Qf7 19. Nxf5 Bg6 20. Nd6 Qg7 21. Bxg6 Qxg6
22. Qxg6 hxg6 23. Bd4 gxf4 24. exf4 b6 25. g3 Kg8 26. Rab1 b5 27. a3 a6 28. Nb7
Rac8 29. h4 Kg7 30. Na5 Rh8 31. Kg2 Nb8 32. Bf2 Rcf8 33. Nb3 Kf7 34. Nd4 Bd8
35. Be1 Ke7 36. a4 bxa4 37. Ra1 Kd7 38. Rxa4 Bc7 39. Bf2 Rf7 40. Rfa1 Rhf8 41.
Be3 Rh8 42. Bd2 Rhf8 43. Be1 Rh8 44. Rxa6 Nxa6 45. Rxa6 Rhf8 46. Rxc6 Ra8 47.
Rxe6 Ra2+ 48. Bf2 Rd2 49. Ra6 Rf8 50. Ra7 Kc8 51. Rxc7+ 1-0

[Event "XX Festival A"]
[Site "Robecchetto con Induno ITA"]
[Date "2009.12.29"]
[Round "5"]
[White "Gagliardi, Christian"]
[Black "Virzi, Ettore"]
[Result "1-0"]
[WhiteElo "2244"]
[BlackElo "1974"]
[PlyCount "109"]
[EventDate "2009.12.27"]

1. e4 e5 2. Nf3 Nc6 3. Bb5 a6 4. Ba4 Nf6 5. O-O b5 6. Bb3 Bc5 7. c3 d6 8. d4
Bb6 9. h3 O-O 10. a4 Rb8 11. axb5 axb5 12. Re1 h6 13. Qd3 Bd7 14. Nbd2 Re8 15.
Nf1 b4 16. d5 Na5 17. Ba2 b3 18. Bb1 Bb5 19. Qd1 c5 20. dxc6 Bxc6 21. Ng3 Nc4
22. Bd3 d5 23. Qe2 dxe4 24. Nxe4 Nxe4 25. Bxe4 Bxe4 26. Qxe4 Nd6 27. Qd5 e4 28.
Nd4 Qf6 29. Be3 Bxd4 30. Bxd4 Qe6 31. Qh5 Nf5 32. Bc5 g6 33. Qe2 Ng7 34. Ra6
Qf5 35. Be3 h5 36. Rea1 Qd5 37. R1a5 Qd3 38. Qxd3 exd3 39. Rd5 Nf5 40. Rxd3
Nxe3 41. fxe3 Rec8 42. Kf2 Rb7 43. Ke2 Rc5 44. e4 Kg7 45. Re3 Kh6 46. h4 Kg7
47. g3 g5 48. hxg5 Rxg5 49. c4 Rb4 50. Rc6 h4 51. gxh4 Rg2+ 52. Kd3 Rxb2 53.
Kc3 Rc2+ 54. Kxb4 b2 55. Rb3 1-0

[Event "XX Festival A"]
[Site "Robecchetto con Induno ITA"]
[Date "2009.12.29"]
[Round "5"]
[White "Gonella, Daniele"]
[Black "Bemporad, Filippo"]
[Result "0-1"]
[WhiteElo "1856"]
[BlackElo "2103"]
[PlyCount "144"]
[EventDate "2009.12.27"]

1. e4 c5 2. c3 d5 3. exd5 Qxd5 4. d4 Nf6 5. Nf3 Nc6 6. dxc5 Qxc5 7. Be3 Qa5 8.
Nbd2 e6 9. Be2 Be7 10. O-O O-O 11. Qb3 Nd5 12. Nc4 Qc7 13. Rad1 Bd7 14. Bc1
Rfd8 15. Nd4 Nxd4 16. cxd4 Bf6 17. Bf3 Bc6 18. Rfe1 Qd7 19. Ne5 Bxe5 20. dxe5
Ba4 21. Rxd5 exd5 22. Qb4 Bc6 23. Bg4 Qc7 24. e6 a5 25. Qd4 Re8 26. Bf4 Qe7 27.
Bh5 g6 28. Bh6 fxe6 29. Rxe6 Qf7 30. Bg4 Bd7 31. Re3 Bxg4 32. Qxg4 Rac8 33. h4
Qf5 34. Qd4 Qf7 35. Rf3 Qd7 36. b3 b5 37. Rf6 Re1+ 38. Kh2 Re4 39. Qd2 Rxh4+
40. Kg1 Re4 41. Qxa5 Qe7 42. Rf3 Qd7 43. Qc3 d4 44. Qb4 Ree8 45. Rd3 Qe7 46.
Rxd4 Qxb4 47. Rxb4 Re5 48. a4 bxa4 49. Rxa4 Rb5 50. b4 Rc7 51. Ra8+ Kf7 52. Bf8
Rc1+ 53. Kh2 Rh5+ 54. Kg3 Rc3+ 55. f3 Rc2 56. Bc5 Rg5+ 57. Kf4 Rgxg2 58. Ra7+
Ke6 59. Rxh7 Kd5 60. Rd7+ Kc6 61. Rd6+ Kb5 62. Rb6+ Kc4 63. Re6 Rb2 64. Re4+
Kb5 65. Re6 Rb3 66. Re4 g5+ 67. Ke5 Rxf3 68. Re1 g4 69. Ke4 Rc2 70. Rg1 Rc4+
71. Bd4 Rb3 72. Rxg4 Rxd4+ 0-1

[Event "XX Festival A"]
[Site "Robecchetto con Induno ITA"]
[Date "2009.12.29"]
[Round "5"]
[White "Guidi, Maurizio"]
[Black "Raselli, Claudio"]
[Result "1-0"]
[WhiteElo "2042"]
[BlackElo "1958"]
[PlyCount "69"]
[EventDate "2009.12.27"]

1. e4 e6 2. d3 d5 3. Nd2 c5 4. Ngf3 Nc6 5. g3 dxe4 6. dxe4 Nf6 7. Bg2 b6 8. O-O
Bb7 9. Qe2 Be7 10. c3 O-O 11. Rd1 Qc7 12. Nf1 Rad8 13. Rxd8 Rxd8 14. e5 Nd7 15.
Bf4 Nf8 16. Re1 Qd7 17. Ng5 h6 18. Ne4 Ng6 19. Qh5 Nxf4 20. gxf4 Bf8 21. Ne3
Na5 22. Qg4 Bxe4 23. Bxe4 Qe7 24. Rd1 Rxd1+ 25. Nxd1 f5 26. exf6 Qxf6 27. Ne3
c4 28. h4 Bd6 29. f5 exf5 30. Nxf5 Bc5 31. Bd5+ Kf8 32. Qf4 Nc6 33. Bxc6 Qxc6
34. Nxh6+ Qf6 35. Qb8+ 1-0

[Event "XX Festival A"]
[Site "Robecchetto con Induno ITA"]
[Date "2009.12.29"]
[Round "5"]
[White "Jones, Alessandro"]
[Black "Bernasconi, Roberto"]
[Result "1-0"]
[WhiteElo "1977"]
[BlackElo "1941"]
[PlyCount "103"]
[EventDate "2009.12.27"]

1. d4 d5 2. Nf3 Nf6 3. e3 e6 4. Bd3 Be7 5. O-O O-O 6. Nbd2 Nbd7 7. Qe2 Re8 8.
c3 c6 9. e4 dxe4 10. Nxe4 Nxe4 11. Bxe4 Nf6 12. Bc2 Qd5 13. Ne5 g6 14. Rd1 Bd6
15. c4 Qa5 16. Bf4 Nh5 17. Bd2 Qc7 18. c5 Bf8 19. Qf3 Ng7 20. Ng4 Nh5 21. Bf4
Qxf4 22. Qxf4 Nxf4 23. Nf6+ Kh8 24. Nxe8 Bd7 25. Nf6 Rd8 26. g3 Nd5 27. Nxd5
exd5 28. Re1 Be6 29. f3 Bg7 30. Rad1 Rd7 31. Kf2 Kg8 32. f4 Kf8 33. Kf3 h5 34.
Rd2 Re7 35. Kg2 Ke8 36. Kf2 Kd7 37. Bd1 Bf6 38. b4 a6 39. a4 Bg7 40. Be2 Bf6
41. b5 axb5 42. axb5 Re8 43. Ra1 Rc8 44. Ra7 Rb8 45. Ke3 Kd8 46. Rb2 cxb5 47.
Bxb5 Kc7 48. Ba4 Bc8 49. Rb6 Be7 50. Bc6 Ra8 51. Rxa8 bxc6 52. Ra7+ 1-0

[Event "XX Festival A"]
[Site "Robecchetto con Induno ITA"]
[Date "2009.12.29"]
[Round "5"]
[White "La Torre, Giovanni"]
[Black "Brigati, Alessandro"]
[Result "1/2-1/2"]
[WhiteElo "2044"]
[BlackElo "2086"]
[PlyCount "68"]
[EventDate "2009.12.27"]

1. Nf3 Nf6 2. g3 g6 3. Bg2 Bg7 4. O-O O-O 5. c4 c5 6. Nc3 Nc6 7. d3 d6 8. Rb1
Bd7 9. a3 Qc8 10. Re1 Bh3 11. Bh1 h6 12. Bd2 Nd4 13. Nxd4 cxd4 14. Nb5 Nd7 15.
e3 dxe3 16. Bxe3 a6 17. Nc3 Be6 18. Nd5 Bxd5 19. Bxd5 e6 20. Bg2 Ne5 21. Qd2
Ng4 22. Bb6 Qd7 23. Qe2 h5 24. h3 Ne5 25. d4 Nc6 26. d5 exd5 27. cxd5 Nd4 28.
Qd3 Nf5 29. Re2 Rfe8 30. Rc2 Rac8 31. Rbc1 Rxc2 32. Rxc2 Rc8 33. b4 Be5 34.
Rxc8+ Qxc8 1/2-1/2

[Event "XX Festival A"]
[Site "Robecchetto con Induno ITA"]
[Date "2009.12.29"]
[Round "5"]
[White "Marguerettaz, Davy"]
[Black "Giretti Kanev, Jasen"]
[Result "0-1"]
[WhiteElo "2072"]
[BlackElo "2221"]
[PlyCount "94"]
[EventDate "2009.12.27"]

1. e4 c6 2. d4 d5 3. Nc3 dxe4 4. Nxe4 Nf6 5. Nxf6+ gxf6 6. Nf3 Bg4 7. Be2 e6 8.
Bf4 Bd6 9. Qd2 Qc7 10. Bxd6 Qxd6 11. h3 Bf5 12. O-O-O Nd7 13. Qa5 Qd5 14. Qxd5
cxd5 15. Nh4 Be4 16. f3 Bg6 17. f4 Be4 18. f5 Rc8 19. Bd3 Bxd3 20. Rxd3 Ke7 21.
Re1 Rc6 22. g4 Rhc8 23. c3 b5 24. Kb1 a5 25. a3 Rb8 26. Ng2 Kd6 27. fxe6 fxe6
28. Nf4 Re8 29. Rde3 e5 30. Nh5 e4 31. Ng7 Rg8 32. Nf5+ Ke6 33. Rxe4+ dxe4 34.
d5+ Kxd5 35. Ne7+ Ke5 36. Nxc6+ Kf4 37. Nxa5 h5 38. gxh5 e3 39. Nc6 Rh8 40. Kc2
Rxh5 41. Rd1 Ne5 42. Nxe5 Rxe5 43. Rd4+ Re4 44. Kd1 e2+ 45. Ke1 Rxd4 46. cxd4
Ke3 47. d5 f5 0-1

[Event "XX Festival A"]
[Site "Robecchetto con Induno ITA"]
[Date "2009.12.29"]
[Round "5"]
[White "Paulmichl, Martin"]
[Black "Spornberger, Maximilian"]
[Result "0-1"]
[WhiteElo "2101"]
[BlackElo "2066"]
[PlyCount "76"]
[EventDate "2009.12.27"]

1. d4 g6 2. Bg5 Bg7 3. c4 d6 4. Nc3 Nf6 5. Nf3 Nbd7 6. e4 h6 7. Bh4 O-O 8. Be2
e5 9. dxe5 dxe5 10. O-O g5 11. Bg3 Nh5 12. Qc2 Nf4 13. Rad1 c6 14. Rd2 Qe7 15.
Rfd1 Nc5 16. Bxf4 exf4 17. Nd4 a5 18. f3 a4 19. h3 h5 20. Nf5 Bxf5 21. exf5 a3
22. Ne4 axb2 23. f6 Bxf6 24. Nd6 Rxa2 25. Nf5 Qe5 26. Nh6+ Kg7 27. Nf5+ Kh8 28.
Nh6 b1=Q 29. Qxb1 Rxd2 30. Rxd2 Qe3+ 31. Kh2 Qxd2 32. Qf5 Qd6 33. Bd1 Qe5 34.
Nxf7+ Rxf7 35. Qg6 Rh7 36. Bc2 Qe7 37. Qf5 Ne6 38. Qg6 Nf8 0-1

[Event "XX Festival A"]
[Site "Robecchetto con Induno ITA"]
[Date "2009.12.29"]
[Round "5"]
[White "Radice, Luca"]
[Black "Trotto, Pierangelo"]
[Result "1/2-1/2"]
[WhiteElo "2088"]
[BlackElo "1893"]
[PlyCount "65"]
[EventDate "2009.12.27"]

1. d4 Nf6 2. c4 g6 3. Nc3 Bg7 4. e4 O-O 5. Nge2 d6 6. Ng3 c6 7. Be2 e5 8. d5 a5
9. h4 h5 10. Bg5 Qe7 11. Bxh5 gxh5 12. Nxh5 Kh7 13. Qf3 Nbd7 14. Rh3 Rg8 15.
Nxg7 Rxg7 16. Qf5+ Kg8 17. Rf3 Rg6 18. h5 Rxg5 19. Qxg5+ Kf8 20. h6 Ke8 21.
O-O-O Nh7 22. Qg8+ Ndf8 23. Rg3 Qf6 24. Rh1 Bd7 25. Rg7 Ke7 26. Rxh7 Rc8 27.
Qg7 Nxh7 28. Qxh7 Qxf2 29. Qg7 Qf6 30. Qg3 Rh8 31. h7 Qg6 32. Qh4+ f6 33. g3
1/2-1/2

[Event "XX Festival A"]
[Site "Robecchetto con Induno ITA"]
[Date "2009.12.29"]
[Round "5"]
[White "Zanetti, Alberto"]
[Black "Damia, Angelo"]
[Result "0-1"]
[WhiteElo "2180"]
[BlackElo "2338"]
[PlyCount "102"]
[EventDate "2009.12.27"]

1. f4 Nh6 2. Nf3 d5 3. b3 Nf5 4. e3 g6 5. Bb2 Bg7 6. Bxg7 Nxg7 7. c4 dxc4 8.
Bxc4 O-O 9. O-O Bg4 10. Nc3 Nd7 11. d4 c6 12. h3 Bxf3 13. Qxf3 Nb6 14. Be2 Nd5
15. Rac1 Nxc3 16. Rxc3 Qa5 17. Rc2 Rad8 18. g4 e6 19. Rfc1 Rd7 20. Qf1 Rfd8 21.
Bf3 Qa3 22. Qc4 Qe7 23. Kg2 g5 24. Qc5 gxf4 25. exf4 Qd6 26. Qg5 Qxd4 27. Rd1
Qb6 28. Rxd7 Rxd7 29. f5 h6 30. Qxh6 exf5 31. gxf5 Nxf5 32. Qg5+ Ng7 33. Re2
Qd8 34. Qxd8+ Rxd8 35. Re7 Rb8 36. Re4 Re8 37. Rxe8+ Nxe8 38. Kg3 Kg7 39. Kf4
Kf6 40. h4 Nd6 41. a4 Nf5 42. h5 Nd4 43. Bd1 Ne6+ 44. Kg4 a5 45. Be2 Nd4 46.
Bc4 b5 47. axb5 cxb5 48. Bd5 Nc2 49. Kf4 Nb4 50. Be4 a4 51. bxa4 bxa4 0-1

[Event "XX Festival A"]
[Site "Robecchetto con Induno ITA"]
[Date "2009.12.30"]
[Round "6"]
[White "Barberi, Alessandro"]
[Black "Gonella, Daniele"]
[Result "1-0"]
[WhiteElo "2098"]
[BlackElo "1856"]
[PlyCount "55"]
[EventDate "2009.12.27"]

1. d4 d5 2. Nf3 e6 3. b3 Nd7 4. e3 Bd6 5. Bb2 b6 6. Bd3 Ngf6 7. Nbd2 Bb7 8. O-O
O-O 9. Qe2 Re8 10. Ne5 Nf8 11. f4 N6d7 12. e4 f6 13. Nxd7 Nxd7 14. e5 Be7 15.
exf6 Nxf6 16. Qxe6+ Kh8 17. Qh3 Bc8 18. f5 Bd6 19. Rae1 Bd7 20. g4 Bc6 21. Nf3
Kg8 22. Ne5 Bb7 23. g5 Bxe5 24. dxe5 Ne4 25. f6 Rf8 26. e6 Qd6 27. f7+ Kh8 28.
Bxe4 1-0

[Event "XX Festival A"]
[Site "Robecchetto con Induno ITA"]
[Date "2009.12.30"]
[Round "6"]
[White "Barlocco, Carlo"]
[Black "La Torre, Giovanni"]
[Result "1-0"]
[WhiteElo "2158"]
[BlackElo "2044"]
[PlyCount "75"]
[EventDate "2009.12.27"]

1. e4 c5 2. Nf3 e6 3. b3 Nc6 4. Bb2 Nf6 5. e5 Ng8 6. Bb5 Qc7 7. O-O Nge7 8. Na3
Nd4 9. Re1 a6 10. Nxd4 cxd4 11. Bd3 Nc6 12. Qg4 b5 13. Nb1 Bb7 14. Bxd4 Nxd4
15. Qxd4 Bc5 16. Qh4 g5 17. Qxg5 Be7 18. Qg4 h5 19. Qg3 h4 20. Qg4 d6 21. Nc3
d5 22. Bf1 O-O-O 23. a4 b4 24. Na2 Rhg8 25. Qh3 d4 26. c3 bxc3 27. dxc3 d3 28.
Rad1 Rg5 29. Rxd3 Rdg8 30. g3 Bc5 31. Bg2 hxg3 32. Rxg3 Rxg3 33. hxg3 Qb6 34.
Bxb7+ Kxb7 35. Qg2+ Ka7 36. b4 Be7 37. Qf3 Rg7 38. Qe3 1-0

[Event "XX Festival A"]
[Site "Robecchetto con Induno ITA"]
[Date "2009.12.30"]
[Round "6"]
[White "Bemporad, Filippo"]
[Black "Giretti Kanev, Jasen"]
[Result "0-1"]
[WhiteElo "2103"]
[BlackElo "2221"]
[PlyCount "56"]
[EventDate "2009.12.27"]

1. d4 Nf6 2. Nf3 b6 3. g3 Bb7 4. Bg2 e6 5. O-O Be7 6. c4 O-O 7. Nc3 d5 8. cxd5
exd5 9. Bg5 Ne4 10. Bxe7 Qxe7 11. Qb3 Rd8 12. Rfe1 Na6 13. Rad1 Rac8 14. a4 c5
15. Nb5 c4 16. Qe3 Nb4 17. Rc1 Re8 18. Bh3 Rcd8 19. b3 a6 20. Nc3 cxb3 21. Nxe4
dxe4 22. Nh4 Nc2 23. Qxb3 Nxe1 24. Qxb6 e3 25. f3 Nxf3+ 26. exf3 e2 27. Re1
Qe3+ 28. Kg2 Qd2 0-1

[Event "XX Festival A"]
[Site "Robecchetto con Induno ITA"]
[Date "2009.12.30"]
[Round "6"]
[White "Bianchi, Alberto"]
[Black "Paulmichl, Martin"]
[Result "1-0"]
[WhiteElo "2028"]
[BlackElo "2101"]
[PlyCount "151"]
[EventDate "2009.12.27"]

1. e4 d5 2. Nc3 dxe4 3. Nxe4 Qd5 4. Qf3 Nc6 5. Nc3 Qe5+ 6. Qe3 Bf5 7. Qxe5 Nxe5
8. d3 O-O-O 9. Bf4 Nc6 10. Nf3 e5 11. Bg3 Bb4 12. O-O-O f6 13. a3 Ba5 14. Nd2
h5 15. f3 Nge7 16. Nce4 Bb6 17. Nc4 Nd5 18. Nxb6+ axb6 19. Bf2 h4 20. Rg1 Nf4
21. Be3 Nd5 22. Bd2 Nd4 23. h3 Bd7 24. Nc3 Nxc3 25. Bxc3 c5 26. Re1 Nf5 27. Be2
Bc6 28. b4 Kc7 29. Kb2 Ra8 30. Ra1 Ra4 31. Rge1 Rha8 32. Bd2 Nd4 33. c4 cxb4
34. Bxb4 Rd8 35. Bd1 Raa8 36. Kc3 Ne6 37. Re2 Nf4 38. Rd2 Rd4 39. Bc2 Rad8 40.
Rad1 Be8 41. a4 Kb8 42. a5 b5 43. Bc5 R4d7 44. Bb6 Rc8 45. Kb4 bxc4 46. dxc4
Rxd2 47. Rxd2 g6 48. Bd8 Bf7 49. Bb3 Nd5+ 50. cxd5 Rxd8 51. d6 Bxb3 52. Kxb3
Kc8 53. Kb4 Kd7 54. Kc5 Ra8 55. Kb5 Ra6 56. Rd5 Rc6 57. Rd2 Rxd6 58. Rxd6+ Kxd6
59. Kb6 f5 60. Kxb7 e4 61. fxe4 fxe4 62. a6 e3 63. a7 e2 64. a8=Q e1=Q 65. Qd8+
Kc5 66. Qb6+ Kd5 67. Qxg6 Qe7+ 68. Kc8 Qe6+ 69. Qxe6+ Kxe6 70. Kc7 Kf5 71. Kd6
Kf4 72. Ke6 Kg3 73. Kf5 Kxg2 74. Kg4 Kf2 75. Kxh4 Kf3 76. Kg5 1-0

[Event "XX Festival A"]
[Site "Robecchetto con Induno ITA"]
[Date "2009.12.30"]
[Round "6"]
[White "Brigati, Alessandro"]
[Black "Zanetti, Alberto"]
[Result "0-1"]
[WhiteElo "2086"]
[BlackElo "2180"]
[PlyCount "88"]
[EventDate "2009.12.27"]

1. d4 Nf6 2. c4 e6 3. g3 d5 4. Bg2 Be7 5. Nc3 O-O 6. cxd5 exd5 7. Nf3 c6 8. Bg5
h6 9. Bxf6 Bxf6 10. O-O Re8 11. e3 Bf5 12. b4 Nd7 13. Na4 b5 14. Nb2 Qe7 15. a3
a5 16. Qb3 Nb6 17. Rfc1 Nc4 18. Qc3 Ra6 19. Nd3 Bxd3 20. Qxd3 Rea8 21. bxa5
Rxa5 22. Nd2 Rxa3 23. Rxa3 Rxa3 24. Qc2 Nxe3 25. fxe3 Qxe3+ 26. Kh1 Bxd4 27.
Qf5 g6 28. Qc8+ Kg7 29. Rf1 Qe6 30. Qxe6 fxe6 31. Bh3 Re3 32. Nf3 Bc3 33. Nh4
g5 34. Ng2 Re4 35. Rd1 g4 36. Bxg4 Rxg4 37. Nf4 Kf6 38. Kg2 b4 39. Kf3 Rg8 40.
Ne2 e5 41. Rc1 d4 42. Ke4 Ke6 43. h3 Rf8 44. Rb1 Rf2 0-1

[Event "XX Festival A"]
[Site "Robecchetto con Induno ITA"]
[Date "2009.12.30"]
[Round "6"]
[White "Corti, Corrado"]
[Black "Bernasconi, Roberto"]
[Result "1/2-1/2"]
[WhiteElo "2030"]
[BlackElo "1941"]
[PlyCount "26"]
[EventDate "2009.12.27"]

1. d4 d5 2. Nf3 Nf6 3. e3 e6 4. Bd3 Be7 5. O-O O-O 6. Nbd2 b6 7. b3 Bb7 8. Bb2
Nbd7 9. Rc1 Rc8 10. c4 c5 11. cxd5 exd5 12. Bb1 Re8 13. Re1 Nf8 1/2-1/2

[Event "XX Festival A"]
[Site "Robecchetto con Induno ITA"]
[Date "2009.12.30"]
[Round "6"]
[White "Curtacci, Sergio"]
[Black "Marguerettaz, Davy"]
[Result "1/2-1/2"]
[WhiteElo "1974"]
[BlackElo "2072"]
[PlyCount "66"]
[EventDate "2009.12.27"]

1. d4 d5 2. Nf3 Nf6 3. e3 Bf5 4. Bd3 e6 5. c3 Bd6 6. Qc2 Bxd3 7. Qxd3 O-O 8.
Nbd2 Nbd7 9. e4 e5 10. O-O exd4 11. cxd4 dxe4 12. Nxe4 Nxe4 13. Qxe4 c6 14. Bg5
Re8 15. Qc2 Be7 16. Bf4 Nb6 17. h3 Nd5 18. Be5 Bd6 19. Qb3 Re7 20. a3 f6 21.
Bxd6 Qxd6 22. Rfe1 Rae8 23. Rxe7 Rxe7 24. Re1 Rxe1+ 25. Nxe1 Qc7 26. Nf3 Qb6
27. Qc2 g6 28. Qe2 Kf7 29. g3 Qb3 30. Kg2 Nb6 31. Qd2 Nc4 32. Qh6 Kg8 33. Qf4
Nxb2 1/2-1/2

[Event "XX Festival A"]
[Site "Robecchetto con Induno ITA"]
[Date "2009.12.30"]
[Round "6"]
[White "Guidi, Maurizio"]
[Black "Cornaggia, Ranieri"]
[Result "1/2-1/2"]
[WhiteElo "2042"]
[BlackElo "1966"]
[PlyCount "33"]
[EventDate "2009.12.27"]

1. e4 e5 2. d4 exd4 3. Qxd4 Nc6 4. Qe3 Nf6 5. Nc3 Bb4 6. Bd2 O-O 7. O-O-O d6 8.
f4 Re8 9. Qg3 Rxe4 10. Bd3 Re8 11. Nge2 Bg4 12. Rde1 Qd7 13. h3 Bf5 14. Bb5 a6
15. Ba4 b5 16. Bb3 d5 17. Rd1 1/2-1/2

[Event "XX Festival A"]
[Site "Robecchetto con Induno ITA"]
[Date "2009.12.30"]
[Round "6"]
[White "Jones, Alessandro"]
[Black "Astengo, Corrado"]
[Result "1/2-1/2"]
[WhiteElo "1977"]
[BlackElo "2110"]
[PlyCount "59"]
[EventDate "2009.12.27"]

1. d4 d5 2. Nf3 Nf6 3. e3 g6 4. b4 Bg7 5. Bb2 a5 6. a3 O-O 7. Nbd2 Bg4 8. Be2
Re8 9. O-O Nbd7 10. c4 c6 11. h3 Bxf3 12. Nxf3 Ne4 13. cxd5 cxd5 14. Qb3 Ndf6
15. Bb5 Rf8 16. Rfc1 Nd6 17. bxa5 Nxb5 18. Qxb5 Qxa5 19. Qxa5 Rxa5 20. Bc3 Ra7
21. Bb4 b5 22. Rc5 Rb7 23. Rac1 Ne4 24. Rc7 Rxc7 25. Rxc7 Bf6 26. Ne5 Re8 27.
Nd7 Bg5 28. Nc5 Nd6 29. Nb7 Nc4 30. Rc5 1/2-1/2

[Event "XX Festival A"]
[Site "Robecchetto con Induno ITA"]
[Date "2009.12.30"]
[Round "6"]
[White "Morandi, Daniele"]
[Black "Radice, Luca"]
[Result "0-1"]
[WhiteElo "1968"]
[BlackElo "2088"]
[PlyCount "28"]
[EventDate "2009.12.27"]

1. e4 e6 2. d4 d5 3. Nd2 Nc6 4. c3 e5 5. Bb5 exd4 6. Ngf3 dxe4 7. Nxd4 Bd7 8.
Bxc6 bxc6 9. O-O Nf6 10. Re1 Be7 11. Qa4 O-O 12. Nxe4 Nxe4 13. Rxe4 c5 14. Nb5
a6 0-1

[Event "XX Festival A"]
[Site "Robecchetto con Induno ITA"]
[Date "2009.12.30"]
[Round "6"]
[White "Raselli, Claudio"]
[Black "Cesarano, Marco"]
[Result "1-0"]
[WhiteElo "1958"]
[BlackElo "1818"]
[PlyCount "45"]
[EventDate "2009.12.27"]

1. c4 c6 2. d4 d5 3. e3 Nf6 4. Nf3 e6 5. Nc3 Nbd7 6. Bd3 Bd6 7. cxd5 exd5 8.
O-O O-O 9. b3 Re8 10. Qc2 Qe7 11. Bb2 Ne4 12. Ne2 g5 13. Ng3 g4 14. Nf5 Qf6 15.
Nxd6 Qxd6 16. Ne5 f5 17. f3 gxf3 18. Rxf3 Nf8 19. Bxe4 fxe4 20. Rg3+ Ng6 21. h4
Qf6 22. h5 Qh4 23. Qf2 1-0

[Event "XX Festival A"]
[Site "Robecchetto con Induno ITA"]
[Date "2009.12.30"]
[Round "6"]
[White "Spornberger, Maximilian"]
[Black "Gagliardi, Christian"]
[Result "1/2-1/2"]
[WhiteElo "2066"]
[BlackElo "2244"]
[PlyCount "38"]
[EventDate "2009.12.27"]

1. d4 d5 2. Bf4 c5 3. e4 Nc6 4. Nc3 cxd4 5. exd5 dxc3 6. dxc6 Qxd1+ 7. Rxd1
bxc6 8. bxc3 Nf6 9. Nf3 e6 10. Ne5 Bc5 11. Bd3 O-O 12. O-O Nd5 13. Bd2 Bd6 14.
Nxc6 Bd7 15. Nb4 Rfc8 16. Be4 Bb5 17. Rfe1 Bc4 18. Nxd5 exd5 19. Be3 Bxh2+
1/2-1/2